000 03646cam a2200313 4500500
005 20260111145844.0
041 _afre
042 _adc
100 1 0 _aBergeron, Andrée
_eauthor
700 1 0 _aDoray, Bernard
_eauthor
245 0 0 _aLes « privés d'emploi » : la culture pour miroir
260 _c2005.
500 _a41
520 _aRésuméÀ la demande de la Fédération textile de la cgt, un travail d’enquête a été entrepris en 2003 dans trois cas de fermeture d’usines textiles, auprès des anciens salariés de Levi’s, Cellatex et Mossley. Il s’est agi, à partir de trois moments clés (annonce de la fermeture, lutte et après-conflit), de rendre compte de ce que la fin du travail entraîne : un traumatisme et une possible reconstruction. La question est alors : après le traumatisme du licenciement, comment se reconstruire ? Dans les trois cas, on observe l’existence de structures associatives assurant une forme de veille et d’entraide mutuelle. Grâce à elles, les anciens salariés rencontrent des pratiques culturelles (cinéma, théâtre, écriture) qu’ils vont eux-mêmes expérimenter, devenant acteurs à leur tour et « objets de culture ». On verra comment cette appropriation culturelle a joué dans la reconstruction de leur intégrité.
520 _aOn request of the cgt Textile Federation a survey on the closure of three textile fabrics, Lévis, Cellatex and Mossley was carried out in 2003 among their former salaried employees. Three key times – announcement of the closure, struggles and after conflict time – were studied to account for the consequences of the end of work : a trauma and a possible personal reconstruction. The central question is : how can workers reconstruct themselves after a trauma from redundancy ? In all three cases one observed the existence of associative structures that ensured former salaried employees a sort of watchfullness and mutual aid and enabled them to experience cultural activities (cinema, theater, writing) and to become actors themselves and « objects of culture ». We study here how this cultural appropriation contributed to the reconstruction of their integrity.
520 _aZusammenfassungAuf Bitte der cgt Textilgewerkschaft wurde 2003 eine Erhebung bei den ehemaligen Arbeitnehmern dreier geschlossenen Textilfabriken, Lévis, Cellatex und Mossley durchgeführt. Drei Schlüsselzeiten (Ankündigung der Schliessung, Kämpfe, Nachkampfzeit) wurden untersucht, um die Folgen des Arbeitsverlusts bei den Arbeitern zu zeigen : ein Trauma und eine mögliche persönliche Rekonstruktion. Die zentrale Frage ist : wie können sich die Arbeiter nach dem Trauma der Entlassung rekonstruiren ? In den drei Fällen wird festgestellt, dass Vereinsstrukturen ihnen eine Art gegenseitigen Beistands versichern. Dank ihnen entdecken diese ehemaligen Arbeitsnehmer neue kulturelle Aktivitäten (Kino, Theater, Schreiben), die sie selbst betreiben und werden dadurch Akteuren und « Kulturobjekte ». Die Autoren zeigen, wie diese kulturelle Aneignung eine Rolle in der Rekonstruktion der Arbeiterintegrität gespielt hat.
690 _aconflit social
690 _acréation artistique
690 _aculture ouvrière
690 _afermeture
690 _aidentité
690 _aartistic creation
690 _aclosure
690 _aidentity
690 _asocial conflict
690 _aworkers culture
786 0 _nEthnologie française | 35 | 4 | 2005-12-01 | p. 643-652 | 0046-2616
856 4 1 _uhttps://shs.cairn.info/revue-ethnologie-francaise-2005-4-page-643?lang=fr&redirect-ssocas=7080
999 _c1636572
_d1636572